000 00699nam a2200265Ia 4500
005 20260302114312.0
008 008 260114s9999 xx 000 0 eng d
020 _a9781666984705
037 _aTextbook
040 _aCRL
040 _beng
040 _cCRL
041 _2eng
041 _aeng
084 _qCRL
100 _aAretha Phiri
_91118369
245 0 _aAfrican Philosophical and Literary Possibilities Re-reading the Canon
260 _bBloomsbury
260 _bLexington Books
260 _c2020
650 _aPhilosophy
856 _uhttps://doi.org/10.5040/9781666984705?locatt=label:secondary_bloomsburyCollections
942 _cEBOOK
999 _c1682061
_d1682061